<?xml version="1.0" encoding="UTF-8"?>
<record
    xmlns:xsi="http://www.w3.org/2001/XMLSchema-instance"
    xsi:schemaLocation="http://www.loc.gov/MARC21/slim http://www.loc.gov/standards/marcxml/schema/MARC21slim.xsd"
    xmlns="http://www.loc.gov/MARC21/slim">

  <leader>00681nam a2200145Ia 4500</leader>
  <controlfield tag="008">100204s9999    xx            000 0 und d</controlfield>
  <datafield tag="082" ind1=" " ind2=" ">
    <subfield code="b">6013</subfield>
  </datafield>
  <datafield tag="100" ind1=" " ind2=" ">
    <subfield code="a">&#x92C;&#x947;&#x921;&#x947;&#x915;&#x930;   &#x92E;&#x93E;&#x932;&#x924;&#x940;</subfield>
  </datafield>
  <datafield tag="245" ind1=" " ind2=" ">
    <subfield code="a">&#x918;&#x930;&#x93E;&#x932;&#x93E; &#x92E;&#x941;&#x915;&#x932;&#x947;&#x932;&#x94D;&#x92F;&#x93E; &#x938;&#x94D;&#x924;&#x94D;&#x930;&#x93F;&#x92F;&#x93E; &#x935; &#x915;&#x93E;&#x933;&#x93E;&#x91A;&#x940; &#x91A;&#x93E;&#x939;&#x942;&#x932;</subfield>
  </datafield>
  <datafield tag="260" ind1=" " ind2=" ">
    <subfield code="b">"&#x926;&#x947;&#x936;&#x92A;&#x941;&#x916;   &#x92A;&#x94D;&#x930;&#x915;&#x93E;&#x936;&#x928;  ,  &#x92A;&#x941;&#x923;&#x947;"</subfield>
    <subfield code="c">1962</subfield>
  </datafield>
  <datafield tag="300" ind1=" " ind2=" ">
    <subfield code="a">238</subfield>
  </datafield>
  <datafield tag="630" ind1=" " ind2=" ">
    <subfield code="a">&#x918;&#x930;&#x93E;&#x932;&#x93E; &#x92E;&#x941;&#x915;&#x932;&#x947;&#x932;&#x94D;&#x92F;&#x93E; &#x938;&#x94D;&#x924;&#x94D;&#x930;&#x93F;&#x92F;&#x93E; &#x935; &#x915;&#x93E;&#x933;&#x93E;&#x91A;&#x940; &#x91A;&#x93E;&#x939;&#x942;&#x932;</subfield>
  </datafield>
  <datafield tag="730" ind1=" " ind2=" ">
    <subfield code="a">&#x918;&#x930;&#x93E;&#x932;&#x93E; &#x92E;&#x941;&#x915;&#x932;&#x947;&#x932;&#x94D;&#x92F;&#x93E; &#x938;&#x94D;&#x924;&#x94D;&#x930;&#x93F;&#x92F;&#x93E; &#x935; &#x915;&#x93E;&#x933;&#x93E;&#x91A;&#x940; &#x91A;&#x93E;&#x939;&#x942;&#x932;</subfield>
  </datafield>
  <datafield tag="942" ind1=" " ind2=" ">
    <subfield code="c">BOOK</subfield>
  </datafield>
  <datafield tag="999" ind1=" " ind2=" ">
    <subfield code="c">450512</subfield>
    <subfield code="d">450509</subfield>
  </datafield>
  <datafield tag="952" ind1=" " ind2=" ">
    <subfield code="0">0</subfield>
    <subfield code="1">0</subfield>
    <subfield code="4">0</subfield>
    <subfield code="7">0</subfield>
    <subfield code="a">NCKMULUND</subfield>
    <subfield code="b">NCKMULUND</subfield>
    <subfield code="d">2006-09-12</subfield>
    <subfield code="g">15.00</subfield>
    <subfield code="l">0</subfield>
    <subfield code="o">6013</subfield>
    <subfield code="p">NCKMULUND-6013</subfield>
    <subfield code="r">2010-02-04 00:00:00</subfield>
    <subfield code="v">15.00</subfield>
    <subfield code="w">2010-02-04</subfield>
    <subfield code="y">BOOK</subfield>
  </datafield>
</record>
